| 000 | 003960000a22001090004500 | ||
|---|---|---|---|
| 090 |
_aAS _bSeriadas |
||
| 245 | 1 | 0 | _aTostimontia, un nuevo género de Asteraceae (<Mutisieae>) originario de Colombia |
| 041 | 0 | _aEspañol | |
| 100 | 1 |
_aDíaz Piedrahita, Santiago _995842 |
|
| 942 | _cARTICULO | ||
| 773 | 1 |
_tRevista de la Academia Colombiana de Ciencias Exactas, Fisicas y Naturales _332 _h94 _q7-10 _d2001 _g25 |
|
| 999 |
_c14093 _d14093 |
||